| 000 | 00455nam a22001457a 4500 | ||
|---|---|---|---|
| 082 |
_a343.015 _bPER _cL-40, P-08 |
||
| 100 |
_aPervez M, Farooq _946962 |
||
| 245 | _aDastoor-ul-amal Pakistan bari fauj: manual of Pakistan miltary law / | ||
| 260 |
_aRawalpindi: _bQazi Publisher, _cc1999 |
||
| 300 |
_axxx, 978p; _c18cm |
||
| 526 |
_a0 _b0 _c0 _d343_015000000000000_PER |
||
| 526 |
_a0 _b0 _c0 _d343_015000000000000_PER |
||
| 650 |
_aMCE _9379 |
||
| 942 |
_2ddc _cBK |
||
| 999 |
_c550265 _d550265 |
||